Ten more Texans in gray /

Bibliographic Details
Other Authors: Nunn, W. C. (William Curtis), 1908-2001
Format: Book
Language:English
Published: Hillsboro, Tex. : Hill Jr. College Press, 1980.
Subjects:

MARC

Tag First Indicator Second Indicator Subfields
LEADER 00000cam a2200000 a 4500
001 in00000073964
005 20151008060117.0
008 810421s1980 txucf b 00100ceng
010 |a  80084136  
020 |z 0012172274 
035 |a (OCoLC)07151053 
035 |9 AAJ5120AM 
039 0 |a 2  |b 3  |c 3  |d 3  |e 3 
040 |a DLC  |c DLC  |d TXA  |d UtOrBLW 
043 |a n-us---  |a n-us-tx 
049 |a TXAM  |c 1 [387768]  |a TXAS [mil]  |c 2 
050 0 0 |a E580  |b .T46 
082 0 |a 973.7/464/0922  |a B  |2 19 
245 0 0 |a Ten more Texans in gray /  |c edited by W.C. Nunn. 
264 1 |a Hillsboro, Tex. :  |b Hill Jr. College Press,  |c 1980. 
300 |a xii, 216 pages, 10 pages of plates :  |b portraits ;  |c 24 cm. 
336 |a text  |b txt  |2 rdacontent 
337 |a unmediated  |b n  |2 rdamedia 
338 |a volume  |b nc  |2 rdacarrier 
500 |a "Graduate students in history at Texas Christian University wrote the ten biographies treated in the book"--P. vii. 
500 |a Includes index. 
504 |a Bibliography: pages 191-210. 
505 0 |a John Salmon "Rip" Ford / by Morris L. Moore -- Thomas Green / by Kathleen Williams -- Albert Sidney Johnston / by Charles W. Porter -- Samuel Bell Maxey / by J. Elden Spencer -- Ben McCulloch / by Richard Warren -- Oran Milo Roberts / by Ford Dixon -- Lawrence Sullivan "Sul" Ross / by Judith Ann Benner -- Henry Hopkins Sibley / by Robert E. Smith -- Benjamin Franklin Terry / by Kenneth W. Hobbs, Jr. -- James Webb Throckmorton / by Marjorie Carter Buhl. 
651 0 |a United States  |x History  |y Civil War, 1861-1865  |v Biography. 
651 0 |a Texas  |v Biography. 
700 1 |a Nunn, W. C.  |q (William Curtis),  |d 1908-2001. 
999 |a MARS 
999 f f |s 72eb83ae-3233-3afe-94e7-d5d642bdfbf9  |i ac1efe19-ff90-3993-a980-e11a7077f124  |t 0 
952 f f |p noncirc  |a Texas A&M University  |b College Station  |c Cushing Memorial Library & Archives  |d Cushing: Ragan Military (Does not check out)  |t 0  |e E580 .T46  |h Library of Congress classification  |i unmediated -- volume 
952 f f |p ric  |a Texas A&M University  |b Rellis Campus  |c Joint Library Facility  |d Remote Storage  |t 0  |e E580 .T46  |h Library of Congress classification  |i unmediated -- volume  |m A14806107394 
998 f f |a E580 .T46  |t 0  |l Cushing: Ragan Military (Does not check out) 
998 f f |a E580 .T46  |t 0  |l Remote Storage